000 01228nam a22003737a 4500
001 0005560
003 KOHA_MİRAKIL
005 20260207001449.0
007 ta
008 090616b1998 tu |||gr||||#0|||1|tur |
020 _a9751600278
_c0,01
040 _aTR-BiSEU
_btur
_cTR-BiSEU
_erda
041 0 _atur
044 _ctu
050 _aP54.69.Y87
_bK88 1998
100 0 _aYusuf Has Hacib.
245 1 _aKutadgu Bilig/
_cYusuf Has Hacib ; Yusuf Has Hacip ; çeviren Reşit Rahmeti Arat.
250 _a7. Baskı
264 1 _aAnkara :
_bAtatürk Kültür, Dil ve Tarih Yüksek Kurumu Türk Tarih Kurumu
_c1998
300 _ac. ;
_c20 cm.
336 _ametin
_btxt
_2rdacontent
337 _aaracısız
_bn
_2rdamedia
338 _acilt
_bnc
_2rdacarrier
490 1 _aAtatürk Kültür, Dil ve Tarih Yüksek Kurumu Türk Tarih Kurumu yayınları ;
_vII.
490 1 _aDizi-sa.
490 1 _a20f
650 0 _aTürk edebiyatı--Sözlülkler.
_913410
650 0 _aTurkish literature--Dictionaries.
_99873
830 1 _aAtatürk Kültür, Dil ve Tarih Yüksek Kurumu Türk Tarih Kurumu yayınları ;
_vII.
_96368
830 1 _aDizi-sa.
_97220
830 1 _a20f
_913411
907 _aEdebiyat
942 _2lcc
_cBK
999 _c5541
_d5541